Statistics for All-Time English Football Table

Click here to take the quiz!

General Stats

  • This quiz has been taken 26 times
  • The average score is 19 of 59

Answer Stats

Pos Pld W D L Pts Club Notes % Correct
141721968103411706938Liverpool
95%
241721900107112016771Arsenal
91%
43816182894010486424{Manchester} United
77%
63658147887613045310{Manchester} City
73%
345561850114515616695Everton
68%
18251084962510363172{West} {Ham} United
64%
1624689065859773303{Derby} County
59%
122720101765110523702{Blackburn} Rovers
59%
93502134885113034895{Newcastle} United
59%
2521286945548802636{Leicester} City
55%
132802101764111443692{Bolton} Wanderers
55%
1524989745699553491{Wolverhampton} Wanderers
55%
83436140688211485100Chelsea
50%
1723948855729373227{Sheffield} United
50%
2020608465236913061{Leeds} United
50%
73432142683111755109{Tottenham} {Hotspur}
45%
502827484124306{Brighton} & {Hove} Albion
41%
113108110076512434065{West} {Bromwich} Albion
41%
3310503552534421318{Charlton} Athletic
41%
54108165297614805932{Aston} {Villa}
41%
2813364923345101810{Huddersfield} Town
41%
43484159129196606{Oldham} Athletic
36%
3510543083104361234{Norwich} City
36%
3013904303965621686{Coventry} City
36%
103340126078013004560Sunderland
32%
3210844022654171471{Ipswich} Town
32%
531904148101171{Hull} City
32%
2717205674756782176Southampton
27%
23237277858310112917{Stoke} City
27%
493048576143331{Wigan} Athletic
27%
2221788005498292949{Nottingham} {Forest}
27%
2423067245839992755{Birmingham} City
23%
63425152230{Swindon} Town
23%
3610363052634681178Fulham
18%
379362992493881146{Queens} {Park} {Rangers}
18%
39706241167298890{Cardiff} City
18%
41658213168277807{Luton} Town
*Relegated from the Football League after the 2008/09 season and regained a place in the league after the 2013/14 season.
18%
1425829806129903552{Sheffield} {Wednesday}
18%
2617206713906592403{Preston} {North} {End}
18%
62381052335Barnsley
14%
46468152126190582{Bradford} City
14%
4835011383154422{Swansea} City
14%
6442692727{Leyton} {Orient}
*Relegated from the Football League after the 2016/17 season and regained a place in the league after winning the National League in the 2018/19 season.
14%
40796221213361879{Crystal} {Palace}
14%
19243881861410063065Middlesbrough
14%
2122108505008603050Burnley
14%
3111724152824751527Blackpool
14%
2913564843225501765Portsmouth
14%
4735811494150436{Bristol} City
9%
52190564391211Bournemouth
9%
57124273859119{Oxford} United
9%
594210131943{Northampton} Town
9%
60421252541{Carlisle} United
*Beats number 61 below on both win percentage and goal difference.
9%
44516160119237599Watford
9%
42554186171197729{Milton} {Keynes} {Dons}
5%
51210764688274Brentford
5%
56114322359119Reading
*Beats number 57 below on both win percentage and goal difference.
5%
587619223579Millwall
5%
4548816797224598{Grimsby} Town
0%

Score Distribution

Percentile by Number Answered

Percent of People with Each Score

Your Score History

You have not taken this quiz